| 000 | 00676nam a2200193Ia 4500 | ||
|---|---|---|---|
| 020 | _a9694170648(pbk) | ||
| 082 |
_a015.5491075 _bMAH _cN-01,P79 |
||
| 245 |
_aNational bibliography of research theses: _bsubmitted to the universities of Pakistan |
||
| 260 |
_aIslamabad: _bUniversity Grants Commission, _c2000 |
||
| 300 | _a442p. | ||
| 526 |
_a0 _b0 _c0 _d015_549107500000000_MAH |
||
| 526 |
_a0 _b0 _c0 _d015_549107500000000_MAH |
||
| 526 |
_a0 _b0 _c0 _d015_549107500000000_MAH |
||
| 650 |
_aDissertations- Academic -- Bibliography _936944 |
||
| 650 |
_aNUST _96342 |
||
| 650 |
_aResearch -- Pakistani Universities _936945 |
||
| 700 |
_aShahid Mahmood _920956 |
||
| 942 |
_2ddc _cBK |
||
| 999 |
_c541875 _d541875 |
||